Всеподданнейшие доклады по отделу промышленных училищ за 1910 год

Доступно только в Электронных читальных залах Найти на картеНа карте
RUSMARC
00003897nmc2a22002413x 450
001516137d6-80cd-4331-9144-21ca00607fc9
00520210114072047.0
100##$a20200717l19101911k l0rusy0189 ca
1010#$arus
102##$aRU
105##$ay###
1222#$ad
2001#$aВсеподданнейшие доклады по отделу промышленных училищ за 1910 год
$j20 января 1910 г. - 4 января 1911 г.
215##$a81 л.
$d36,5х26 см
251##$cДело
300##$aДело
371##$aДокумент не является опубликованным и широко распространяемым
461#0$100125bb72b1-4bcc-44d6-8f70-3ecc3f7a6be1
$12001
$aСекретное дело Управления коменданта Санкт-Петербургской крепости о лицах, числящихся за высочайше учрежденной в Санкт-Петербурге следственной комиссией, преданных верховно-уголовному суду
$1251
$cДело
$1852
$j298
462#0$10019f1696b0-e420-4fa7-99a7-66b08704be19
$12001
$aДело Управления коменданта Санкт-Петербургской крепости о представлении месячных отчетов об арестованных лицах и арестантах нижнего звания, содержащихся в Санкт-Петербургской крепости
$1251
$cДело
$1852
$j299
801#0$aRU
$bРГИА
$c20200717
$gRCR
801#1$aRU
$bГлавНИВЦ
$c20200717
$2rusmarc
801#2$aRU
$bПБ им. Б.Н. Ельцина
$c20210114
$gRCR
$2rusmarc
850##$aРГИА
852##$aРГИА
$eФедеральное казенное учреждение "Российский государственный исторический архив" (РГИА)
$j266
937##$hРГИА
$d12349403
$aASBIBLIO_SCAN
035##$aRusGRCC00007702
856##$uhttp://readingroom.main.prlib.ru/item.aspx?id_node=n154064581&mode=full
Формат отображения